Дело о суммах, ассигнованных на 1850 год для капитальных работ по ведомству Гоф-интендантской конторы, и о требовании описаний и...

Доступно только в Электронных читальных залах Найти на картеНа карте
RUSMARC
00003595nmc2a22002413x 450
001ed58bafd-5710-4867-972e-0adb30197bc9
00520221205200814.0
100##$a20220726l18491850k l0rusy0189 ca
1010#$arus
102##$aRU
105##$ay###
1222#$ad
2001#$aДело о суммах, ассигнованных на 1850 год для капитальных работ по ведомству Гоф-интендантской конторы, и о требовании описаний и смет на ремонтные работы
$j17 октября 1849 г. - 23 мая 1850 г.
215##$a144 л.
$d36,5х26 см
251##$cДело
300##$aДело
371##$aДокумент не является опубликованным и широко распространяемым
461#0$1001625a9a7e-a890-4307-a7fe-826a2289a412
$12001
$aГоф-интенданская контора Министерства императорского двора
$1251
$cФонд
$1852
$j470
462#0$10018230232a-429c-4fc3-a7c8-11db66691ce2
$12001
$aО сметах и отчетах
$1251
$cОпись
$1852
$j1
$l96-530
801#0$aRU
$bРГИА
$c20220726
$gRCR
801#1$aRU
$bГлавНИВЦ
$c20220726
$2rusmarc
801#2$aRU
$bПБ им. Б.Н. Ельцина
$c20221205
$gRCR
$2rusmarc
850##$aРГИА
852##$aРГИА
$eФедеральное казенное учреждение "Российский государственный исторический архив" (РГИА)
$j108
937##$hРГИА
$d12386045
$aASBIBLIO_SCAN
035##$aRusGRCC00049680
856##$uhttp://readingroom.main.prlib.ru/item.aspx?id_node=n181269068&mode=full
Формат отображения